Breve exposición histórica de la literatura griega / (Record no. 154544)

MARC details
000 -LEADER
campo de control de longitud fija 00749nam a22001935i 4500
001 - NÚMERO DE CONTROL
campo de control 154544
005 - FECHA Y HORA DE LA ÚLTIMA TRANSACCIÓN
campo de control 20230706145956.0
008 - DATOS DE LONGITUD FIJA--INFORMACIÓN GENERAL
campo de control de longitud fija 940202s1866 sp |||| | spa d
100 1# - ENTRADA PRINCIPAL--NOMBRE DE PERSONA
Nombre de persona González Andrés, Raimundo.
9 (RLIN) 127397
245 10 - MENCIÓN DEL TÍTULO
Título Breve exposición histórica de la literatura griega /
Mención de responsabilidad, etc. por Raimundo González Andrés.
250 ## - MENCION DE EDICION
Mención de edición 2ª ed.
260 ## - PUBLICACIÓN, DISTRIBUCIÓN, ETC.
Lugar de publicación, distribución, etc. Madrid :
Nombre del editor, distribuidor, etc. Imp. y Librería de Eusebio Aguado,
Fecha de publicación, distribución, etc. 1866.
300 ## - DESCRIPCIÓN FÍSICA
Extensión 216 p. ;
Dimensiones 20 cm.
530 ## - NOTA DISPONIBLE DE FORMULARIO FÍSICO ADICIONAL
Nota de formato físico adicional disponible Disponible en formato digital.
650 00 - PUNTO DE ACCESO ADICIONAL DE MATERIA--TÉRMINO DE MATERIA
Término de materia o nombre geográfico como elemento de entrada Literatura griega-
Subdivisión general Historia y crítica.
9 (RLIN) 14599
852 ## - LOCALIZACIÓN
Ubicación BA
Número de control de estantería D-1014
852 ## - LOCALIZACIÓN
Ubicación BA
Número de control de estantería G-15820
Nota libre - Enc. pasta española
856 ## - LOCALIZACIÓN Y ACCESO ELECTRÓNICOS
Identificador Uniforme de Recursos <a href="http://www.bibliotecavirtualdeandalucia.es/catalogo/es/consulta/registro.do?id=1039286">http://www.bibliotecavirtualdeandalucia.es/catalogo/es/consulta/registro.do?id=1039286</a>
Nota pública
Holdings
Estatus retirado Estado de pérdida Estado de daño No para préstamo Colección Biblioteca de origen Biblioteca actual Ubicación en estantería Fecha de adquisición Fuente de adquisición Total de préstamos Signatura topográfica completa Código de barras Visto por última vez Precio de reemplazo Tipo de ítem Koha
        Colección digital Biblioteca del Ateneo de Madrid Biblioteca del Ateneo de Madrid Sala Pecera Planta 3 17/01/2008     G-15820 1161630 23/02/2023 23/02/2023 Libro impreso antiguo
        Colección digital Biblioteca del Ateneo de Madrid Biblioteca del Ateneo de Madrid Sala Valle Inclán 17/01/2008     D-1014 901161629 23/02/2023 23/02/2023 Libro impreso antiguo